000
00295nam a22001337a 4500
008
170823b xxu||||| |||| 00| 0 eng d
020
_a
9780618394807
041
_a
eng
080
_2
4TH
_a
51
100
_a
38
101
_a
MAT
245
_a
PRECALCULUS WITH LIMITS
_c
LARSON,R
942
_2
udc
_c
BK
999
_c
24629
_d
24629